00844cam a2200229Mi 450000500170000000800410001702000150005802000180007303500210009104000500011204100080016224501020017026000470027230000250031949000500034450400410039450500420043565000240047765000690050165000190057070000250058920150506143130.0150506s1986 gw fr 000 0 eng d a3110111306 a9783110111309 a(OCoLC)635204468 aCO-BoUCMbspacJose A. GerenadJose A. Gerena0 aeng00aGrowth to limitsbthe sestern european welfare states since World War IIceditado por Peter Flora bWalter de Gruyterc1986aBerlin (Alemania) axxxvi, 383 páginas1 aEuropean University Instituteaseries C v6.1 aIncluye referencias bibliográficas gV.1tSweden, Norway, Finland, Denmark 7aProblemas sociales  7aGuerra Mundial II, 1939 -1945 vAspectos socialesvConsecuencias 7aCambio social 1 aFlora, Petereeditor